| 000 | 004590000a22001810004500 | ||
|---|---|---|---|
| 003 | MACL | ||
| 005 | 20160101124858.0 | ||
| 008 | 160101b xxu||||| |||| 00| 0 eng d | ||
| 040 |
_aMACL _cMACL |
||
| 041 | _aEnglish | ||
| 082 | _a342/KHA | ||
| 100 |
_aKhanna, Mr Justice H R _926284 |
||
| 245 | _aConstitution and Civil Liberties | ||
| 260 |
_bRadhakrishna prakashan _c1978 _aNew Delhi |
||
| 350 | _a25 | ||
| 650 |
_aLaw _926285 |
||
| 942 |
_cBK _k342/KHA _2ddc |
||
| 999 |
_c36413 _d36413 |
||